000 00602nam a22001937a 4500
003 CEME
005 20210628202102.0
008 210115b xxu||||| |||| 00| 0 eng d
020 _a9788177588736
040 _c.
082 _a621.382 WAN
100 _aWang, Xiaodong
_958216
245 _aWireless communication systems,advanced techniques for signal reception
260 _aINDIA
_bPEARSON EDUCATION
_c2006
300 _aXV, 682P
650 _aWIRELESS COMMUNICATION SYSTEMS.COMMUNICATION SYSTEMS.TECHNIQUES FOR SIGNAL RECEPTION
_958217
700 _aPoor, h. Vincent
_958218
942 _cBK
_2ddc
999 _c568417
_d568417